01663cam a22003974i 4500003000900000005001700009008004100026035001900067040003300086082002100119100003900140245003500179264003500214300003800249336002100287337002500308338002300333505026100356526001000617526001000627526001000637526001000647526000800657526000800665526000800673526000800681526000800689526000800697526000800705942001400713949013800727596000600865999017100871980005501042952016801097PE-LiUPU20250731173209.0150625s1990 inu r 000 0 eng d a(Sirsi) a31878 aPE-LiUPUbspacPE-LiUPUerda04a221.942bF362211 aFoxwell Albright, William,eautor.10aYahweh And The Gods Of Canaan. 1aIndiana :bEisenbrauns,c1990. a294 páginas ;c22 centímetros atext2rdacontent aunmediated2rdamedia avolume2rdacarrier0 aVerse an prose in early israelite tradition -- The patriarchal background of israel's faith -- Canaanite religion in the bronze age -- The struggle between yahweh and the gods of canaan -- The religious cultures of Israel and phoenicia in periodic tension. aSEG42 aSEG41 aSEG40 aSEG39 aP94 aP87 aP86 aP85 aP77 aP76 aP35 2ddccBOOK a221.942 F36wDEWEYc1i37234lCCODEBUL1mBULp00.00r0sYtBOOKu2015-06-25xBIBLIOTECAzUNKNOWN0COMPRAo.STAFF. Colección General a1 a221.942 F36wDEWEYc39474i37234d39474e2017-10-11f2021-11-9g5lCCODEBUL1mBULn3q2r0sYtBOOKu2015-6-25xTEOLOGIAzUNKNOWN0COMPRAo.STAFF. Colección General 81gALBERTO SANCHEZ Responsable de Automatización r2025-12-02 00:00:00i6l3o221.942 F36p37234s2017-10-11te1w2015-06-25xPGyBKzinventario-2023-12-13102ddc50708GENfP87aBULbBULcGENd2015-06-25eCOMPRA